<?xml version="1.0" encoding="UTF-8"?>
<marc:record xmlns:marc="http://www.loc.gov/MARC21/slim">
   <marc:leader>00000nam a2200000 a 4500</marc:leader>
   <marc:datafield ind1="1" ind2=" " tag="100">
      <marc:subfield code="a">Smith, Briony May</marc:subfield>
      <marc:subfield code="4">aut</marc:subfield>
      <marc:subfield code="e">Verfasser/-in</marc:subfield>
   </marc:datafield>
   <marc:datafield ind1="0" ind2="0" tag="245">
      <marc:subfield code="a">Emmas Einhorn</marc:subfield>
   </marc:datafield>
   <marc:datafield ind1=" " ind2="1" tag="264">
      <marc:subfield code="b">Esslinger</marc:subfield>
      <marc:subfield code="c">2021</marc:subfield>
   </marc:datafield>
   <marc:datafield ind1="1" ind2=" " tag="520">
      <marc:subfield code="a">Das erste Bilderbuch der britischen Illustratorin Briony May Smith, bei dem auch der Text von ihr stammt, erzählt die Geschichte von Emma, die mit ihren Eltern weit weg in ein Haus am Meer umzieht. Sie ist traurig und fühlt sich einsam. Bei einem Spaziergang findet Emma ein Einhorn-Baby, welches nicht mit der Herde in den Süden fliegen konnte. Sie kümmert sich den ganzen Winter über, unterstützt von Eltern und Grossmutter, einfühlsam um das verlassene Einhorn-Baby. Als die Herde im nächsten Frühling wiederkommt, verlässt das kleine Einhorn Emma, aber diese hat sich inzwischen eingelebt und eine neue Freundin gefunden. Die ausdrucksvollen, detailreichen Illustrationen zeigen eine idyllische Landschaft in den schottischen Highlands und ein harmonisches Familienleben. Ab 4</marc:subfield>
   </marc:datafield>
   <marc:datafield ind1=" " ind2=" " tag="020">
      <marc:subfield code="a">9783480237173</marc:subfield>
      <marc:subfield code="9">9783480237173</marc:subfield>
   </marc:datafield>
</marc:record>
